<?xml version="1.0" encoding="UTF-8"?>
<record
    xmlns:xsi="http://www.w3.org/2001/XMLSchema-instance"
    xsi:schemaLocation="http://www.loc.gov/MARC21/slim http://www.loc.gov/standards/marcxml/schema/MARC21slim.xsd"
    xmlns="http://www.loc.gov/MARC21/slim">

  <leader>01770nam a2200205 a 4500</leader>
  <datafield tag="090" ind1=" " ind2=" ">
    <subfield code="a">IAVH</subfield>
    <subfield code="b">00765 CD-1</subfield>
  </datafield>
  <datafield tag="041" ind1=" " ind2=" ">
    <subfield code="a">spa</subfield>
  </datafield>
  <datafield tag="100" ind1=" " ind2=" ">
    <subfield code="a">Arboleda Obando, Mar&#xED;a Ofelia</subfield>
    <subfield code="9">92533</subfield>
  </datafield>
  <datafield tag="245" ind1=" " ind2=" ">
    <subfield code="a">Marco estrat&#xE9;gico para la planificaci&#xF3;n y manejo ambiental de los ecosistemas compartidos de p&#xE1;ramo, subp&#xE1;ramo y bosque alto andino en la Unidad Biogeogr&#xE1;fica de Santurb&#xE1;n en la jurisdicci&#xF3;n de la CDMB y CORPONOR</subfield>
  </datafield>
  <datafield tag="260" ind1=" " ind2=" ">
    <subfield code="a">Bogot&#xE1;</subfield>
    <subfield code="b">Instituto Alexander von Humboldt</subfield>
    <subfield code="b">CORPONOR</subfield>
    <subfield code="c">2002</subfield>
  </datafield>
  <datafield tag="300" ind1=" " ind2=" ">
    <subfield code="a">345 p.</subfield>
  </datafield>
  <datafield tag="520" ind1=" " ind2=" ">
    <subfield code="a">Este documento hace parte del desarrollo del convenio de cooperaci&#xF3;n entre el Instituto Humboldt y la corporaci&#xF3;n aut&#xF3;noma regional de la frontera nororiental -CORPONOR y se centra en presentar la propuesta para la definici&#xF3;n de &#xE1;reas protegidas en la Unidad Biogeogr&#xE1;fica de Santurb&#xE1;n. Esta propuesta consta de dos partes principales, la primera es un an&#xE1;lisis del documento Estudios de caracterizaci&#xF3;n y zonificaci&#xF3;n ambiental de la unidad biogeogr&#xE1;fica de Santurb&#xE1;n-CORPONOR, y la segunda presenta una propuesta elaborada por el Instituto Humboldt para el establecimiento de &#xE1;reas protegidas en Santurb&#xE1;n y pretende ser una aproximaci&#xF3;n qu debe ser un paso inical para la consolidaci&#xF3;n de un sistema de &#xE1;res que garantice la conservaci&#xF3;n y manejo sostenible en la zona de gran importancia tanto a nivel regional como nacional.</subfield>
  </datafield>
  <datafield tag="650" ind1=" " ind2=" ">
    <subfield code="a">Biodiversidad</subfield>
    <subfield code="9">92204</subfield>
  </datafield>
  <datafield tag="650" ind1=" " ind2=" ">
    <subfield code="a">Conservaci&#xF3;n</subfield>
    <subfield code="9">92401</subfield>
  </datafield>
  <datafield tag="650" ind1=" " ind2=" ">
    <subfield code="a">Areas protegidas</subfield>
    <subfield code="9">78</subfield>
  </datafield>
  <datafield tag="650" ind1=" " ind2=" ">
    <subfield code="a">Zonificaci&#xF3;n ambiental</subfield>
    <subfield code="9">229</subfield>
  </datafield>
  <datafield tag="650" ind1=" " ind2=" ">
    <subfield code="a">Uso sostenible de los recursos naturales</subfield>
    <subfield code="9">92539</subfield>
  </datafield>
  <datafield tag="662" ind1=" " ind2=" ">
    <subfield code="a">Colombia</subfield>
    <subfield code="c">Unidad Biogeogr&#xE1;fica Santurb&#xE1;n</subfield>
    <subfield code="b">Santander</subfield>
  </datafield>
  <datafield tag="773" ind1="0" ind2=" ">
    <subfield code="0">5986</subfield>
    <subfield code="9">9704</subfield>
    <subfield code="a"></subfield>
    <subfield code="b"></subfield>
    <subfield code="d">Bogot&#xE1; Informatica documental 2007</subfield>
    <subfield code="o">024802</subfield>
    <subfield code="t">Informes de investigaciones IAVH en PDF</subfield>
    <subfield code="w"></subfield>
    <subfield code="x"></subfield>
    <subfield code="z"></subfield>
  </datafield>
  <datafield tag="999" ind1=" " ind2=" ">
    <subfield code="c">6040</subfield>
    <subfield code="d">6040</subfield>
  </datafield>
</record>
